00318 2200145 4500245003900000020002200039250001000061100001700071005001900088260002300107041001400130084000900144300001000153336000900163 aMalaikat CintacJonih RahmathText a978-979-22-7116-4 acet.2 aJonih Rahmat a20240925144056 aJakartabGPUc2011 aIndonesia aNONE a360 : atext